Регионална библиотека "Любен Каравелов" - Русе

Трилър (Запис номер 127222)

MARC детайли
000 -Лидер
Контролно поле с фиксирана дължина 01421nam a2200349 c 4500
003 - Код на организацията, давaща контролен номер
Контролно поле BLK
005 - Дата и час на последна редакция
Контролно поле 20230909005130.0
008 - Елементи от данни с фиксирана дължина
fixed length control field 180409b bul|||||r ||||||| ||bul||
010 ## - Наследен системен номер
LC control number KNG00132924000
020 ## - Международен стандартен номер на книга ISBN
Международен стандартен номер на книга ISBN 978-954-8657-64-8
-- издат.: Enthusiast - на том(т. 1)
040 ## - Източник на каталожния запис
Идентификатор на билиотеката - собственик на записа BLK
041 ## - Код за език
Код за езика на текст/звукозапис или на отделно заглавие Български
Код за езика КДБФ Български
072 #7 - Код за тематичната категория
Код организация bullib
Код за тематична категория Н83
Текст Чужда художествена литература Н
080 ## - УДК
Текстов определител УДК Американска литература (на САЩ)
УДК код - определител по УДК 821.111(73)
УДК определител -322.4
УДК - код + определител 821.111(73)-322.4
139 ## - Редно поле
Редна дума Трилър
Авторски знак Три - Т 83
245 10 - Сведения за заглавието
Заглавие Трилър
Подзаглавни данни Разкази : Т. 1 -
Редно поле (дума) под ред. на Джеймс Патерсън; прев. от англ. Богдан Бориславов Русев.
Том Т. 1
257 ## - Страна на издаване
Страна на създаване/издаване Съединени американски щати
260 ## - Област на издателските данни
-- София
Година на издаване 2011 -
Печатница Костинброд : Мултипринт
300 ## - Физическа характеристика
Размери/Мащаб 20 см
380 ## - Жанр
Жанр Худож. лит.
500 ## - Общи забележки
Забележка Ориг. загл. Thriller / ed. by James Patterson.
659 ## - Тематичен бюлетин
Тематичен бюлетин Н
700 1# - Други автори (авторска отговорност)
Лично име Патерсън, Джеймс
Автороска отговорност (Описва отношението между автора и произведението) под ред. на
9 (RLIN) 377754
700 ## - Други автори (авторска отговорност)
Лично име Русев, Богдан Бориславов
Дати, свързани с автора 1975-
9 (RLIN) 365584
760 1# - Описание на основната серия
-- - на том(т. 1)
Място на издаване, издател и година Enthusiast, 2011
Страници - том 359 с.
Заглавие Т. 1
852 ## - Местоположение
Форматна сигнатура Цб 255969
856 4# - Електронен адрес и достъп
Електронен формат pdf - файл
Път до файла /url/
856 4# - Електронен адрес и достъп
Електронен формат pdf - файл
Път до файла /url/
942 ## - АРТИКУЛИ
Вид на библиотечния материал Книги
Скрит в OPAC Не
944 ## - СЪЗДАВАНЕ И РЕДАКЦИЯ на ЗАПИСА
Създаване/Редакция Създаване
Дата на регистрацията/редакция 16.08.2012
Статус, дата на статуса CRON CRON
Служител, извършил регистрацията/редакцията
944 ## - СЪЗДАВАНЕ И РЕДАКЦИЯ на ЗАПИСА
Създаване/Редакция Редакция
Дата на регистрацията/редакция 19.02.2013
Статус, дата на статуса ф /
Служител, извършил регистрацията/редакцията
999 ## - СИСТЕМНИ КОНТРОЛНИ НОМЕРА
Koha biblionumber 127222
Koha biblioitemnumber 127222
Наличности
Код за отписване Код за изгубен артикул Код за повреда Коз за рестрикции Код за отдаване Артикулен № Име на библиотеката - собственик Име на библиотеката, в която се намира в момента Статус (Текущо местоположение) Дата на вписване в системата Местоположение - отдел Цена в лева Инвентарен номер Систематично азбучна сигнатура Баркод Номер на екземпляра Цена в евро Служебна бележка Служебен тип на артикула
  Не е изгубен Не е повреден без рестрикции ползва се в читалня 206996 Регионална библиотека "Любен Каравелов" Русе Регионална библиотека "Любен Каравелов" Русе Хранилище 2012-08-16 Хранилище 13.00 120000759245 Цб 255969 120000759245 1 6.65 Дост: Dp Вид: Д N: 26 Дата: 29.06.2011 Книги
Vip Innovations Ltd, Rousse, Bulgaria 2025